| 000 | 00476nam a2200169Ia 4500 | ||
|---|---|---|---|
| 008 | 210719s2010 xx 000 0 und d | ||
| 041 | _aeng | ||
| 082 | _a413 CHAD | ||
| 100 | _aCHARBONNAUX (Etienne Louis) | ||
| 245 | _aDictionarium latino canarense Ed 2 | ||
| 260 |
_aBengaluru _c2010 |
||
| 300 |
_axv,1179 _bHB |
||
| 365 |
_b375 _cRs |
||
| 650 | _aDictionaries | ||
| 650 | _aDictionaries | ||
| 906 | _a2 ; canarense ; Dictionarium ; Ed ; Latin kannada nighantu ; latino | ||
| 999 |
_c215775 _d215775 |
||